000 01606nam0a2200337 i 4500
001 RU\NLR\bibl\1925974
005 20260406071848.0
010 _a9785090256889
_95000
021 _aRU
_b2012-43903
_9294д/12
035 _a(NLR Aleph) 001915380
090 _a3232964
_c3232964
100 _a20120718d2012 u y0rusy50 ca
101 0 _arus
102 _aRU
105 _ay |||||||||
200 1 _aРусский язык
_iДиктанты и изложения
_e8 класс
_eпособие для учителей общеобразовательных учреждений
_fН.Н. Соловьева
210 _aМосква
_cПросвещение
_d2012
215 _a140, [1] с.
_d22
225 1 _aРусский язык
606 _aРусский язык
_jУчебные издания для средней школы
_xДиктанты
_9975543
_3RU\NLR\auth\66366574
606 _aШкольные изложения
_jУчебные издания для средней школы
_91533967
_3RU\NLR\auth\66969541
606 _aРусский язык
_jУчебные издания для средней школы
_91533567
_3RU\NLR\auth\66969347
686 _aЧ426.131(2)53-254.11я72
686 _aЧ426.131(2)53-254.13я72
686 _aШ141.12-922.1[8]
700 1 _4070
_8rus
_7ca
_aСоловьёва
_bН. Н.
_cпедагог, русский язык
_gНаталья Николаевна
_3RU\NLR\AUTH\7729116
_912145
801 0 _aRU
_bNLR
_c20120718
_gRCR
801 1 _aRU
_bNLR
_c20120718
942 _cBOOK
980 _aNBR